000 01732nam a2200301 a 4500
003 BLK
005 20241216154701.0
008 180411b bul|||||r ||||||| ||bul||
020 _a9786199208113
040 _aBLK
041 _aBUL
_cBUL
080 _aБългарска литература
_b821.163.2
_z821.163.2(081)
100 1 _aШивачев, Борис Константинов
_eпърви автор
_9384698
139 _aШивачев, Борис Константинов
_bШ 62
245 1 0 _aСъчинения
_nТ. 2.
_cБорис Шивачев ; състав. Константин Хаджиев
257 _aBGR
260 _aСофия
_bОртограф
_c2024
_9479751
300 _a432 с.
_c21 см
380 _aX
500 _aБорис Шивачев - испанист ; "Испанските" статии на Борис Шивачев ; Полемично за спорта ; Caveant consules ; Борис Шивачев и седмото изкуство ; Литература и космоплитизъм ; Публицистиката на Борис Шивачев ; "Стара и нова Турция" / Константин Хаджиев: с. 5-97, 234-271, 371-373
505 _tСъдържа разд.: Статии ; Статии и кинокритика ; Стара и нова Турция : историко-сравнителен преглед
700 _91478
_aХаджиев, Константин Тодоров
_eсъстав.
760 _aШивачев, Борис Константинов
_d2022
_h464 с.
_oТ. 1
_tСъчинения
852 _aЦб 325588
_bЦб
856 4 _qpdf
_i0.00
_ldisable
856 4 _qpdf
_i0.00
_ldisable
942 _cKNG
_n0
_s1
999 _c523683
_d523683
944 _a30545
_cНора Радева
_k30545
_lНора Радева